000 00403nam a22001697a 4500
003 Mumbai
005 20151223160757.0
008 151223b xxu||||| |||| 00| 0 eng d
040 _cmacl
041 _aEnglish
082 _a823/CHA
100 _aChakravarty Radha
_98514
245 _aVermillion Clouds
260 _aNew Delhi
_bWomen Unlimited
_c2010
650 _aStories
_922543
942 _2ddc
_cBK
999 _c51742
_d51742